| 000 | 00535nam a2200205Ia 4500 | ||
|---|---|---|---|
| 005 | 20260429112221.0 | ||
| 008 | 260429s9999||||xx |||||||||||||| ||und|| | ||
| 020 | _a9789387160071 | ||
| 041 | _aEnglish | ||
| 082 |
_a572.42 _bPIL |
||
| 100 | _aPilbeam, Allen C. | ||
| 245 | 0 |
_aHandbook of plant nutrition / _cAllen C. Pilbeam |
|
| 260 |
_aJaipur : _bAgrotech Press, _c2024. |
||
| 300 | _aviii, 296 p.; hb | ||
| 650 | _a Biochemistry | ||
| 650 | _a Metabolism | ||
| 650 | _a Plant nutrition | ||
| 650 | _aBiology | ||
| 942 | _cTB | ||
| 999 |
_c52948 _d52948 |
||